|
|
|
|
| LEADER |
01275nam a2200301 a 4500 |
| 001 |
009534277 |
| 008 |
100405r20031997enka 001 0 eng d |
| 020 |
|
|
|a 0174434618 (cased)
|
| 020 |
|
|
|a 017443460X (pbk)
|
| 020 |
|
|
|a 9814057479
|
| 040 |
|
|
|a StDuBDS
|d Uk
|d BD-DhAAL
|
| 082 |
0 |
0 |
|a 822.33
|2 21
|
| 100 |
1 |
|
|a Shakespeare, William,
|d 1564-1616
|
| 245 |
0 |
0 |
|a King Lear /
|c edited by R. A. Foakes.
|
| 260 |
|
|
|a London :
|a Thomas Nelson and Sons Ltd.,
|c 1997 [reprinted 2003].
|
| 300 |
|
|
|a xvii, 437p. :
|b ill., facsims. ;
|c 18 cm.
|
| 490 |
1 |
|
|a The Arden Shakespeare. Third series
|
| 504 |
|
|
|a Includes index.
|
| 541 |
1 |
|
|e 00014428
|
| 600 |
1 |
4 |
|a Shakespeare, William,
|d 1564-1616
|t King Lear.
|
| 650 |
|
0 |
|a English drama
|y Early modern and Elizabethan, 1500-1600.
|
| 700 |
1 |
|
|a Foakes, R. A.
|
| 830 |
4 |
|
|a The Arden Shakespeare.
|p Third series
|
| 852 |
4 |
|
|a Ayesha Abed Library
|j General Shelf
|
| 942 |
0 |
0 |
|0 2
|
| 999 |
|
|
|c 7963
|d 7963
|
| 952 |
|
|
|0 0
|1 0
|2 ddc
|4 0
|6 822_330000000000000_SHA_2003
|7 0
|9 8983
|a BRACUL
|b BRACUL
|c GEN
|d 2010-04-05
|l 26
|m 126
|o 822.33 SHA
|p 3010014428
|r 2026-01-12
|s 2026-01-11
|t 1
|w 2010-04-05
|y BK
|
| 952 |
|
|
|0 0
|1 0
|2 ddc
|4 0
|6 822_330000000000000_SHA_2000
|7 0
|9 10697
|a BRACUL
|b BRACUL
|c GEN
|d 2010-06-06
|l 27
|m 104
|o 822.33 SHA
|p 3010008559
|r 2026-01-12
|s 2025-10-07
|t 2
|w 2010-06-06
|y BK
|